000 00280nam a22001217a 4500
041 _aENG
100 _aVarshnet /S
245 _aPower Tiller Reserch And Industru In India
260 _aBhopal
_bCentral Institute
_c2011
300 _a161
650 _aFMP
856 _uFMP (23 )
999 _c1366
_d1366